Tilastot visalle J. Karjalaisen albumit

Klikkaa tästä pelataksesi tätä visaa!

Yleistilastot

  • Tätä visaa on pelattu 30 kertaa
    (20 viimeisimmän päivityksen jälkeen)
  • Keskiarvotulos 12 / 22

Vastaustilastot

VuosiArtistiAlbumi% Oikein
1985J. Karjalainen ja Mustat LasitDoris
75%
1996J. Karjalainen Electric SaunaJ. Karjalainen Electric Sauna
69%
1994J. Karjalainen yhtyeineenVillejä lupiineja
69%
2006J. KarjalainenLännen-Jukka
63%
1998J. Karjalainen Electric SaunaLaura Häkkisen silmät
63%
1986J. Karjalainen ja Mustat LasitVaraani
63%
2013J. KarjalainenEt ole yksin
56%
1981J. Karjalainen ja Mustat LasitJ. Karjalainen ja Mustat Lasit
56%
2015J. KarjalainenSinulle, Sofia
56%
1983J. Karjalainen ja Mustat LasitTatsum tisal
56%
1990J. KarjalainenKeltaisessa talossa
50%
1987J. Karjalainen ja Mustat LasitKookospähkinäkitara
50%
1988J. Karjalainen ja Mustat LasitLumipallo
50%
2001J. Karjalainen Electric SaunaMarjaniemessä
50%
2018J. KarjalainenSä kuljetat mua
50%
1982J. Karjalainen ja Mustat LasitYö kun saapuu Helsinkiin
50%
1999J. Karjalainen Electric SaunaElectric Picnic
44%
1991J. Karjalainen yhtyeineenPäiväkirja
44%
1992J. Karjalainen yhtyeineenTähtilampun alla
44%
2002J. Karjalainen Electric SaunaValtatie
44%
2008J. Karjalainen & Veli-Matti JärvenpääParatiisin pojat
38%
2010J. KarjalainenPolkabilly rebels
38%

Tulosjakauma

Persentiili vastausten määrän mukaan

Jokaisen tuloksen saaneiden osuus

Tuloshistoriasi

Et ole pelannut tätä visaa sen viimeisimmän päivityksen jälkeen